00341pab a2200133 454500008004000000100001600040245005700056260000900113300001200122362000800134650001100142700001800153773003600171180718b2000 xxu||||| |||| 00| 0 eng d aSingh, S.P. aCattle breeding policy in India and its implications c2000 ap.85-88 aMay aCattle aKaushik, S.N. aAgricultural Situation in India